Тест на общие знания №19 - Statistics

General Stats
  • This quiz has been taken 45 times
  • The average score is 8 of 20
Answer Stats
Вопрос Ответ % Correct
Какая птица вернулась на Ноев ковчег с оливковой ветвью в клюве? голубь
79%
Кто пытался украсть секретный рецепт крабсбургера? Шелдон Планктон
76%
К какому виду относятся Немо и Марлин из мультфильма "В поисках Немо"? рыба-клоун
69%
Что представлено в музее Мадам Тюссо? восковые фигуры
55%
Какой герой древнегреческой мифологии был прикован цепями к скале, чтобы его печень клевал орёл? Прометей
55%
Про какого человека говорят, что его в своё царство забирает Морфей? засыпающий
52%
Какой супергерой в обычной жизни работал в издательстве "The Daily Bugle"? Человек-паук
48%
Какой элемент таблицы Менделеева обозначается как As? мышьяк
45%
К какому классу веществ относятся едкий натр и едкое кали? щёлочь
38%
Какая страна в 1908-м году опоздала на Олимпийские игры на две недели из-за того, что на тот момент пользовалась юлианским календарём? Россия
38%
Как называется самка павлина? пава
38%
Какой американский город называют "городом грехов", "брачной столицей мира" и "столицей второго шанса"? Лас-Вегас
38%
У дромадера он один, а у бактриана - два. Что это? горб
31%
Какую причёску носил Боб Марли? дреды
28%
Как называется небольшой букет, вплетённый в петлицу костюма? бутоньерка
21%
Последней жертвой чего стал Генри Гюнтер, убитый 11-го ноября 1918-го года в 10:59? Первая Мировая война
21%
Как зовут Санта-Клауса в Финляндии? Йоулупукки
17%
Какой полуостров занимает Дания? Ютландия
14%
Что в 1847-м году изобрёл кондитер Томас Смит, увидев, как сладости заворачивают в красивую бумагу? хлопушка
7%
Кому в США присуждается награда, известная как "пурпурное сердце"? погибшие военные
7%
No matching quizzes found
Score Distribution
Percent of People with Each Score
Percentile by Number Answered
Your Score History
You have not taken this quiz